000 00627nam a2200241 a 4500
001 0001-1142
003 ELIB.Books
008 150505 2010 eng
020 _a157673823X
035 _a(ELIB.Books)0001-1297
092 _a242
_bGrands Rapids
100 _aGray, Alice
245 _aMore Stories For The Heart/ Stories For The Heart
260 _aNew York
_bGuide Posts Press
_c2001
300 _a303
_c22.5 Cm
500 _aC/o Moe Lwei
650 _aDevotional
856 _nKBTS: Library
_uKBTS: Elib
942 _2ddc
_cBK
990 _a2
998 _cbat
_e2015-05-05
999 _c11142
_d11142